| 000 | 01220 a2200397 4500 | ||
|---|---|---|---|
| 264 |
_aAnkara : _bTOBB ETÜ Fen Bilimleri Enstitüsü, _c2010. |
||
| 999 |
_c200002203 _d32954 |
||
| 001 | 200002203 | ||
| 003 | TR-AnTOB | ||
| 005 | 20260210134036.0 | ||
| 008 | 130405s2010 tu 000 0 | ||
| 040 |
_aTR-AnTOB _cTR-AnTOB |
||
| 041 | 0 | _atur | |
| 099 | _aTEZ TOBB FBE MAK YL'10 EKİ | ||
| 100 | 1 |
_aEkiz, Ahmet _971174 |
|
| 245 | 1 | 0 |
_aPEM tipi yakıt pilleri için çift kutuplu akış plakalarının modellenmesi / _cAhmet Ekiz. |
| 300 |
_axvii, 89 p.; _c29 cm. |
||
| 502 | _aTez (Y. Lisans)--TOBB ETÜ Fen Bilimleri Enst. Ağustos 2010. | ||
| 504 | _aIncludes bibliographical references | ||
| 650 | 0 | 0 |
_932546 _aTezler, Akademik |
| 650 | 0 | 0 |
_aDissertations, Academic _932543 |
| 653 | _a2-D modelling. | ||
| 653 | _aFuel cell. | ||
| 653 | _aComsol. | ||
| 653 | _aPEM fuel cell. | ||
| 653 | _a2-D modelleme. | ||
| 653 | _aYakıt hücresi. | ||
| 653 | _aComsol. | ||
| 653 | _aPEM yakıt pili. | ||
| 710 |
_aTOBB Ekonomi ve Teknoloji Üniversitesi. _bFen Bilimleri Enstitüsü _977078 |
||
| 856 | _ahttp://tez2.yok.gov.tr/ | ||
| 902 | _aTZ00120 | ||
| 903 | _aMerkez Kütüphane. | ||
| 942 |
_cTEZ _2z |
||
| 945 | _aAİB. | ||